书目信息 |
| 题名: |
光电图像处理基础
|
|
| 作者: | 陈晓冬 主编 | |
| 分册: | ||
| 出版信息: | 北京 机械工业出版社 2019.08 |
|
| 页数: | 127页, [2] 页图版 | |
| 开本: | 26cm | |
| 丛书名: | ||
| 单 册: | ||
| 中图分类: | TP391.41 , TN2 | |
| 科图分类: | ||
| 主题词: | 光电子技术--guang dian zi ji shu--应用--图象处理--高等教育--教材 | |
| 电子资源: | ||
| ISBN: | 978-7-111-62936-8 | |
| 000 | 01306nam0 2200289 450 | |
| 001 | 2068360270 | |
| 005 | 20201104185943.78 | |
| 010 | @a978-7-111-62936-8@dCNY26.00 | |
| 100 | @a20190918d2019 em y0chiy50 ea | |
| 101 | 0 | @achi |
| 102 | @aCN@b110000 | |
| 105 | @aaf a 000yy | |
| 200 | 1 | @a光电图像处理基础@Aguang dian tu xiang chu li ji chu@f陈晓冬主编 |
| 210 | @a北京@c机械工业出版社@d2019.08 | |
| 215 | @a127页, [2] 页图版@c图@d26cm | |
| 300 | @a国家精品课程配套教材 | |
| 312 | @a英文题名取自封面 | |
| 320 | @a有书目 | |
| 330 | @a本书是编者在总结多年教学心得和科研成果的基础上编写的, 主要介绍光电图像获取及图像处理的基础知识及方法, 并对最常用的经典方法。全书共分为10章, 内容结合实际应用, 按照初学者学习和掌握光电图像处理流程的思路进行编排, 包括图像处理的基本概念、数字图像获取、图像增强、图像傅里叶变换、图像平滑与锐化、图像分割、形态学处理、图像压缩, 图像处理示例等内容。 | |
| 333 | @a普通高等教育光电信息科学与工程专业应用型规划教材 光电信息科学与工程专业教学指导分委员会规划教材 | |
| 510 | 1 | @aFoundation of photoelectric image processing@zeng |
| 606 | 0 | @a光电子技术@Aguang dian zi ji shu@x应用@x图象处理@x高等教育@j教材 |
| 690 | @aTP391.41@v5 | |
| 690 | @aTN2@v5 | |
| 701 | 0 | @a陈晓冬@Achen xiao dong@4主编 |
| 801 | 0 | @aCN@b人天书店@c20201002 |
| 905 | @aZUCC@dTP391.41@eC590 | |
| 光电图像处理基础/陈晓冬主编.-北京:机械工业出版社,2019.08 |
| 127页, [2] 页图版:图;26cm |
| 国家精品课程配套教材.-使用对象:普通高等教育光电信息科学与工程专业应用型规划教材 光电信息科学与工程专业教学指导分委员会规划教材 |
| ISBN 978-7-111-62936-8:CNY26.00 |
| 本书是编者在总结多年教学心得和科研成果的基础上编写的, 主要介绍光电图像获取及图像处理的基础知识及方法, 并对最常用的经典方法。全书共分为10章, 内容结合实际应用, 按照初学者学习和掌握光电图像处理流程的思路进行编排, 包括图像处理的基本概念、数字图像获取、图像增强、图像傅里叶变换、图像平滑与锐化、图像分割、形态学处理、图像压缩, 图像处理示例等内容。 |
| ● |
| 相关链接 |
|
|
|
正题名:光电图像处理基础
索取号:TP391.41/C590
 
预约/预借
| 序号 | 登录号 | 条形码 | 馆藏地/架位号 | 状态 | 备注 |
| 1 | 1477843 | 214778436 | 自科库301/301自科库 65排7列2层/ [索取号:TP391.41/C590] | 在馆 | |
| 2 | 1477844 | 214778445 | 自科库301/301自科库 65排7列2层/ [索取号:TP391.41/C590] | 在馆 |